LIBRARY ONLINE CATALOGUE

Global Civil Society 2009 : (Record no. 9497)

MARC details
000 -LEADER
fixed length control field 00604nam a22002172 4500
001 - CONTROL NUMBER
control field 0000020781
005 - DATE AND TIME OF LATEST TRANSACTION
control field 20151217152221.0
008 - FIXED-LENGTH DATA ELEMENTS--GENERAL INFORMATION
fixed length control field 111014s xx 000 0 eng d
020 ## - INTERNATIONAL STANDARD BOOK NUMBER
International Standard Book Number 1848600157 :
040 ## - CATALOGING SOURCE
Original cataloging agency KABU
Transcribing agency KABU
245 10 - TITLE STATEMENT
Title Global Civil Society 2009 :
Remainder of title poverty and activism.
250 ## - EDITION STATEMENT
Edition statement 1st ed.
260 ## - PUBLICATION, DISTRIBUTION, ETC. (IMPRINT)
Place of publication, distribution, etc. London :
Name of publisher, distributor, etc. SAGE,
Date of publication, distribution, etc. 2009.
300 ## - PHYSICAL DESCRIPTION
Extent xiii, 356 p.
650 #0 - SUBJECT ADDED ENTRY--TOPICAL TERM
Topical term or geographic name as entry element Poverty.
-- 0000150280
650 #0 - SUBJECT ADDED ENTRY--TOPICAL TERM
Topical term or geographic name as entry element Poor.
-- 0000164818
650 #0 - SUBJECT ADDED ENTRY--TOPICAL TERM
Topical term or geographic name as entry element Civil society.
-- 0000160274
852 1# - LOCATION
-- p4501.20 KES
908 ## - PUT COMMAND PARAMETER (RLIN)
Put command parameter 111014
950 ## - LOCAL HOLDINGS (RLIN)
-- 1
Holdings
Withdrawn status Lost status Source of classification or shelving scheme Not for loan Home library Current library Date acquired Total Checkouts Full call number Barcode Date last seen Price effective from Koha item type
    Library of Congress Classification   Kabarak, Main Campus Kabarak, Main Campus 17/12/2015   HC79 .P6G56 2009 c. 1 19379 02/08/2024 17/12/2015 General Collection